00975nac a22002291u 4500010001600000082001500016090001500031100003400046245015600080250001600236260006000252300002300312500007300335500002700408511002800435650001900463650002500482942001700507999001500524952010300539952010300642 a 6301160000a677.3bVON c6332d6332 aVon Bergen, Werner, 10aWool handbook;ba text and reference book for the entire wool industry /cprepared by a staff of specialists under the editorship of Werner von Bergen. a3d enl. ed. aNew York:bInterscience Publishers,c.[1963].cc.[1963]. av.billus.c24 cm. aFirst edition published in 1938 under title: American wool handbook. aDistributer: Al-Ahram. aCatalogued By: Mahitab. 0aWool industry. 0aWoolzUnited States. cNBk677.3VON c6332d6332 00104070aMAINbMAINc1STd2007-11-21ePurchasel0o677.3VONp000007659r2025-07-15 00:00:00yNB 00104070aMAINbMAINc1STd2007-11-21ePurchasel0o677.3VONp000007894r2025-07-15 00:00:00yNB